| 000 | 00555nam a2200229Ia 4500 | ||
|---|---|---|---|
| 003 | OSt | ||
| 005 | 20220912145757.0 | ||
| 006 | a|||||r|||| 00| 0 | ||
| 007 | ta | ||
| 008 | 220909b |||||||| |||| 00| 0 eng d | ||
| 024 | _a75689 | ||
| 037 | _cTextual | ||
| 040 |
_aCSL _beng _cCSL |
||
| 041 | _aeng | ||
| 082 | _aG:67, 113J1 | ||
| 100 | _aHammerling L | ||
| 245 | 0 | _aFortpflonzung in tier und pflanzen reich | |
| 260 | _c1951 | ||
| 300 |
_ap. _ccm. |
||
| 942 |
_hG:67, 113J1 _cTEXL _2CC |
||
| 999 |
_c38018 _d38018 |
||